Entrepreneurial skills (Record no. 42115)

MARC details
000 -LEADER
fixed length control field 00611nam a2200169 a 4500
008 - FIXED-LENGTH DATA ELEMENTS--GENERAL INFORMATION
fixed length control field 120416s1981 ||||||||||||||||| || u
050 ## - LIBRARY OF CONGRESS CALL NUMBER
Classification number HD 62.7 Mah
100 ## - MAIN ENTRY--PERSONAL NAME
Personal name Mahin, Philip William
245 10 - TITLE STATEMENT
Title Entrepreneurial skills
246 ## - VARYING FORM OF TITLE
Title proper/short title cases in small business management
260 ## - PUBLICATION, DISTRIBUTION, ETC.
Place of publication, distribution, etc. Plano, Tex.
Name of publisher, distributor, etc. Business Publications
Date of publication, distribution, etc. 1981
300 ## - PHYSICAL DESCRIPTION
Extent xvi, 234p. : ill.
350 ## - PRICE (NR) (BK AM CF MU VM SE) [OBSOLETE]
Price 0.00
650 #0 - SUBJECT ADDED ENTRY--TOPICAL TERM
Topical term or geographic name entry element BUSINESS
650 ## - SUBJECT ADDED ENTRY--TOPICAL TERM
Topical term or geographic name entry element SMALL BUSINESS--MANAGEMENT--CASE STUDIES
995 ## - RECOMMENDATION 995 [LOCAL, UNIMARC FRANCE]
-- 0.00
-- CBU-MAIN LIBRARY (Kitwe)
-- 1
-- 0.00
-- 1
-- DAMAGED
-- Main Library Open Access Collection
Holdings
Withdrawn status Lost status Source of classification or shelving scheme Damaged status Not for loan Home library Current library Shelving location Date acquired Total Checkouts Full call number Barcode Date last seen Price effective from Koha item type
          CBU-MAIN LIBRARY, KITWE. CBU-MAIN LIBRARY, KITWE.   11/30/2022   HD 62.7 Mah 003860 11/30/2022 11/30/2022 MONOGRAPH